Recycling cities for people (Record no. 15879)

000 -LEADER
fixed length control field 00623nam a2200217 a 4500
001 - CONTROL NUMBER
control field 15879
003 - CONTROL NUMBER IDENTIFIER
control field BD-DhUET
008 - FIXED-LENGTH DATA ELEMENTS--GENERAL INFORMATION
fixed length control field 810529s1982 maua b 001 0 eng
020 ## - INTERNATIONAL STANDARD BOOK NUMBER
International Standard Book Number 0442216041
040 ## - CATALOGING SOURCE
Original cataloging agency DLC
Transcribing agency DLC
Modifying agency BD-DhUET
082 ## - DEWEY DECIMAL CLASSIFICATION NUMBER
Classification number 711.4
Item number CUT/1982
100 ## - MAIN ENTRY--PERSONAL NAME
Personal name Cutler, Laurence Stephan
245 10 - TITLE STATEMENT
Title Recycling cities for people
Remainder of title the urban design process
250 ## - EDITION STATEMENT
Edition statement 2nd ed.
260 ## - PUBLICATION, DISTRIBUTION, ETC. (IMPRINT)
Place of publication, distribution, etc. New York
Name of publisher, distributor, etc. VAN Nostrand Reinhold
Date of publication, distribution, etc. 1982
300 ## - PHYSICAL DESCRIPTION
Extent 296 p.
Other physical details ill.
Dimensions 23 x 28 cm.
504 ## - BIBLIOGRAPHY, ETC. NOTE
Bibliography, etc Includes bibliographies
650 #0 - SUBJECT ADDED ENTRY--TOPICAL TERM
Topical term or geographic name as entry element City planning
Geographic subdivision United States
700 ## - ADDED ENTRY--PERSONAL NAME
Personal name Cutler, Sherrie Stephens
942 ## - ADDED ENTRY ELEMENTS (KOHA)
Koha item type General Book
Holdings
Sublocation or collection (holding branch) Copy number Price effective from Koha date last seen Not for loan Koha normalized classification for sorting Koha date last borrowed Damaged status Koha item type Date acquired Koha full call number Shelving location Withdrawn status Piece designation (barcode) Location (home branch) Lost status Source of classification or shelving scheme Koha issues (times borrowed)
Central Library, BUET12015-03-162023-07-09 711_400000000000000_CUT_19822022-07-05 General Book2015-03-16711.4/CUT/1982Circulation section 72182Central Library, BUET  2
Central Library, BUET 2015-03-182015-03-18 711_400000000000000_CUT_1982  General Book2015-03-18711.4 CUT/1982   Central Library, BUET